000 00248nam a22000977a 4500
999 _c10649
_d10649
008 180220b ||||| |||| 00| 0 eng d
020 _a9788184692549
100 _96531
_aSHARMA.S
245 _aCOPMUTER INFORMATION -VI
260 _aMumbai
_bFirefly Books